[Event "Airthings Masters - Match Preliminari"]
[Site "Internet"]
[Date "03.02.2023"]
[Round "P1.1"]
[White "Le, Quang Liem"]
[Black "Ghosh, Diptayan"]
[Result "0-1"]
[WhiteTitle ""]
[BlackTitle ""]
[WhiteElo "2728"]
[BlackElo "2553"]
[WhiteFideId "12401137"]
[BlackFideId "5045207"]
[EventDate "2023.02.03"]
[EventType "k.o."]

1. d4 Nf6 2. Nf3 d5 3. c4 e6 4. g3 h6 5. Bg2 Bd6 6. O-O O-O 7. b3 b6 8. Nc3 Bb7
9. cxd5 Nxd5 10. Nxd5 Bxd5 11. Qc2 Nd7 12. e4 Bb7 13. Bb2 Be7 14. Rad1 Rc8 15.
Rfe1 Re8 16. h4 Bb4 17. Re2 Qe7 18. Re3 Red8 19. Qc1 Qe8 20. Bh3 Bd6 21. Nd2 Bb4
22. a3 Bxd2 23. Rxd2 Qe7 24. b4 Nf6 25. d5 c5 26. b5 c4 27. Kh2 Rc5 28. a4 exd5
29. exd5 Qf8 30. Ba3 c3 31. Rd1 Nxd5 32. Bxc5 Qxc5 33. Bg2 Rc8 34. Re2 Ba8 35.
Kg1 Nb4 36. Bxa8 Rxa8 37. Qe3 c2 38. Rc1 Qxe3 39. Rxe3 Rd8 40. Rf1 Rd1 41. Rc3
Kh7 42. Kg2 h5 43. Rc7 Kg6 44. Rc4 f6 45. f4 Kf5 46. Kf2 Nd3+ 47. Ke2 Rxf1 48.
Rxc2 Rf2+ 49. Kxd3 Rxc2 50. Kxc2 Kg4 51. Kd3 Kxg3 52. Ke4 Kxh4 53. Kf5 Kg3 54.
Kg6 h4 55. f5 h3 56. Kxg7 h2 57. Kxf6 h1=Q 58. Kg7 Qe4 59. f6 Qxa4 60. f7 Qg4+
61. Kf6 Qc8 62. Ke7 Qc7+ 63. Ke8 Qe5+ 64. Kd8 Qf6+ 65. Ke8 Qe6+ 66. Kf8 Kf4 67.
Kg7 Qe7 68. Kg6 Ke5 0-1

[Event "Airthings Masters - Match Preliminari"]
[Site "Internet"]
[Date "03.02.2023"]
[Round "P1.1"]
[White "Lazavik, Denis"]
[Black "Safarli, Eltaj"]
[Result "0-1"]
[WhiteTitle ""]
[BlackTitle ""]
[WhiteElo "2541"]
[BlackElo "2608"]
[WhiteFideId "13515110"]
[BlackFideId "13402129"]
[EventDate "2023.02.03"]
[EventType "k.o."]

1. d4 Nf6 2. c4 e6 3. Nf3 d5 4. g3 Be7 5. Bg2 O-O 6. O-O dxc4 7. Qc2 a6 8. a4
Nc6 9. Qxc4 Na5 10. Qc2 b6 11. Ne5 Bb7 12. Bxb7 Nxb7 13. Nc6 Qe8 14. Nxe7+ Qxe7
15. Nc3 c5 16. dxc5 Nxc5 17. b4 Ncd7 18. Qb3 Rfc8 19. Bf4 Rc6 20. Rac1 Rac8 21.
Rfd1 h6 22. b5 axb5 23. Nxb5 Rxc1 24. Rxc1 Rxc1+ 25. Bxc1 Qc5 26. Be3 Qc6 27.
Qc3 Qe4 28. Qd4 Qb1+ 29. Kg2 Nd5 30. Bd2 Nc5 31. Nc3 Qb2 32. Be1 Qa1 33. e4 Nf6
34. Qd8+ Kh7 35. Qxb6 Qxe1 36. Qxc5 Nxe4 37. Nxe4 Qxe4+ 38. Kg1 Qxa4 39. h3 Qd1+
40. Kh2 Qf3 41. Qc2+ g6 42. Qd2 e5 43. Kg1 Kg7 44. Qd6 Qe4 45. Qe7 Qd4 46. Qb7
e4 47. Kg2 e3 48. fxe3 Qxe3 49. Qb2+ Kh7 50. h4 Qe4+ 51. Kh2 Qf3 52. Qd2 Kg7 53.
Qb2+ Qf6 54. Qd2 Qa1 55. Qf2 Qc3 56. Qe2 Qd4 57. Qc2 Qe5 58. Qf2 Kf8 59. Qd2 h5
60. Qd8+ Kg7 61. Qd2 Kf6 0-1

[Event "Airthings Masters - Match Preliminari"]
[Site "Internet"]
[Date "03.02.2023"]
[Round "P1.1"]
[White "Predke, Alexandr"]
[Black "Praggnanandhaa, R"]
[Result "1/2-1/2"]
[WhiteTitle ""]
[BlackTitle ""]
[WhiteElo "2684"]
[BlackElo "2690"]
[WhiteFideId "24107581"]
[BlackFideId "25059530"]
[EventDate "2023.02.03"]
[EventType "k.o."]

1. e4 e5 2. Nf3 Nc6 3. Bb5 a6 4. Ba4 Nf6 5. O-O b5 6. Bb3 Bc5 7. a4 Rb8 8. c3 d6
9. d4 Bb6 10. a5 Ba7 11. Be3 Bg4 12. dxe5 Bxf3 13. Qxf3 Nxe5 14. Qe2 Bxe3 15.
Qxe3 O-O 16. Nd2 Re8 17. h3 Ned7 18. Bc2 d5 19. Qf4 b4 20. exd5 bxc3 21. bxc3
Rb2 22. Ba4 Nxd5 23. Qd4 N5f6 24. Nc4 Rb8 25. Rfe1 Rxe1+ 26. Rxe1 Nf8 27. Qxd8
Rxd8 28. Ne5 Ne6 29. Bb3 Rd6 30. Bc4 Nd5 31. Rb1 g6 32. Rb8+ Kg7 33. Ra8 Nc5 34.
Nd3 Nb7 35. Bxd5 Rxd5 36. Nb4 Rxa5 37. Rxa6 Rc5 38. Rc6 Rxc6 39. Nxc6 Kf6 40.
Kf1 Ke6 41. Nb4 Nc5 42. Ke2 Ne4 43. Na2 Kd5 44. f3 Nc5 45. Kd2 Kc4 46. Nb4 Na4
47. Na6 c5 48. Kc2 g5 49. g3 h5 50. h4 gxh4 51. gxh4 f6 52. Nb8 Nxc3 53. Nd7 Nd5
54. Kd2 Kd4 55. Nb8 c4 56. Nc6+ Kc5 57. Nd8 Nf4 58. Ke3 c3 59. Nf7 Kb4 60. Nd6
Ng2+ 61. Kd3 Nxh4 62. Ne4 Nxf3 63. Nxc3 h4 64. Nd5+ Kc5 65. Nxf6 h3 66. Ne4+ Kd5
67. Nf2 h2 68. Ke3 Ng1 69. Kf4 Ne2+ 70. Kf3 Nd4+ 71. Kg2 h1=Q+ 72. Kxh1 1/2-1/2

[Event "Airthings Masters - Match Preliminari"]
[Site "Internet"]
[Date "03.02.2023"]
[Round "P1.1"]
[White "Bluebaum, Matthias"]
[Black "Sevian, Samuel"]
[Result "1/2-1/2"]
[WhiteTitle ""]
[BlackTitle ""]
[WhiteElo "2663"]
[BlackElo "2687"]
[WhiteFideId "24651516"]
[BlackFideId "2040506"]
[EventDate "2023.02.03"]
[EventType "k.o."]

1. d4 Nf6 2. c4 e6 3. Nc3 Bb4 4. e3 O-O 5. Bd2 d5 6. Nf3 b6 7. cxd5 exd5 8. Rc1
Bb7 9. Bd3 Re8 10. Ne5 Bf8 11. f4 c5 12. g4 cxd4 13. exd4 Nc6 14. g5 Ne4 15. Be3
Ne7 16. Qh5 g6 17. Qf3 Nf5 18. h4 Bg7 19. h5 Bxe5 20. fxe5 Nxe3 21. Qxe3 Qxg5
22. Qxg5 Nxg5 23. Kf2 Ne6 24. Ke3 Bc6 25. Rh2 Re7 26. Rf1 a6 27. Rf6 Kg7 28. Rg2
Kh8 29. hxg6 fxg6 30. Bxg6 hxg6 31. Rgxg6 Rae8 32. Rh6+ Kg8 33. Rhg6+ Kh8 34.
Rh6+ Kg8 35. Rhg6+ Kh8 1/2-1/2

[Event "Airthings Masters - Match Preliminari"]
[Site "Internet"]
[Date "03.02.2023"]
[Round "P1.1"]
[White "Salem, A.R. Saleh"]
[Black "Vokhidov, Shamsiddin"]
[Result "1-0"]
[WhiteTitle ""]
[BlackTitle ""]
[WhiteElo "2677"]
[BlackElo "2601"]
[WhiteFideId "9301348"]
[BlackFideId "14204223"]
[EventDate "2023.02.03"]
[EventType "k.o."]

1. d4 Nf6 2. c4 e6 3. Nc3 Bb4 4. a3 Bxc3+ 5. bxc3 c6 6. e4 d5 7. e5 Ne4 8. Ne2
f6 9. f3 Ng5 10. h4 Nf7 11. f4 c5 12. Ng3 g6 13. Be3 Nc6 14. Bd3 Qa5 15. O-O
dxc4 16. Be4 Qxc3 17. Bxc6+ bxc6 18. Rf3 f5 19. dxc5 Ba6 20. Ne2 Qa5 21. Nd4 c3
22. Nxe6 Bc4 23. Ng7+ Kf8 24. Qd4 Bd5 25. e6 Bxf3 26. exf7 Rd8 27. Qf6 Bd5 28.
Rd1 Rd7 29. Rxd5 1-0

[Event "Airthings Masters - Match Preliminari"]
[Site "Internet"]
[Date "03.02.2023"]
[Round "P1.1"]
[White "Yu, Yangyi"]
[Black "Xu, Xiangyu"]
[Result "1/2-1/2"]
[WhiteTitle ""]
[BlackTitle ""]
[WhiteElo "2729"]
[BlackElo "2578"]
[WhiteFideId "8603820"]
[BlackFideId "8608288"]
[EventDate "2023.02.03"]
[EventType "k.o."]

1. Nf3 Nf6 2. g3 g6 3. Bg2 Bg7 4. c4 c6 5. d4 d5 6. Qa4 O-O 7. O-O Nfd7 8. cxd5
Nb6 9. Qd1 cxd5 10. Nc3 Nc6 11. e3 Bg4 12. h3 Bxf3 13. Qxf3 e6 14. b3 Re8 15.
Bb2 Rc8 16. Rac1 Qd6 17. h4 h5 18. Qd1 a6 19. Ne2 Rc7 20. Nf4 Nd7 21. Nd3 Rec8
22. Re1 Nb4 23. Rxc7 Rxc7 24. Ba3 a5 25. Qd2 Bf8 26. Rc1 Rxc1+ 27. Nxc1 Qc6 28.
Bb2 Nf6 29. a3 Qc2 30. Bc3 Qxd2 31. Bxd2 Nc6 32. a4 Bb4 33. Bxb4 Nxb4 34. Kf1 1/2-1/2

[Event "Airthings Masters - Match Preliminari"]
[Site "Internet"]
[Date "03.02.2023"]
[Round "P1.1"]
[White "Bortnyk, Olexandr"]
[Black "Chirila, Ioan-Cristian"]
[Result "1/2-1/2"]
[WhiteTitle ""]
[BlackTitle ""]
[WhiteElo "2605"]
[BlackElo "2543"]
[WhiteFideId "14120828"]
[BlackFideId "1211668"]
[EventDate "2023.02.03"]
[EventType "k.o."]

1. d4 Nf6 2. Nc3 d5 3. Bf4 e6 4. Nb5 Na6 5. e3 c6 6. Nc3 b6 7. Nf3 Bb7 8. Ne5
Rc8 9. Qf3 Be7 10. a3 O-O 11. Bd3 c5 12. O-O Nb8 13. Bg5 c4 14. Bxc4 Ne4 15.
Bxe7 Qxe7 16. Nxe4 dxc4 17. Qg4 f6 18. Nf3 f5 19. Qg5 Qc7 20. Ned2 Nd7 21. c3 e5
22. dxe5 Nxe5 23. Nd4 Rf6 24. f3 Qf7 25. e4 h6 26. Qh4 fxe4 27. fxe4 Rf8 28.
Rxf6 Qxf6 29. Qxf6 Rxf6 30. Rd1 b5 31. Nxb5 Rb6 32. a4 a6 33. Na3 Rd6 34. Nc2
Bxe4 35. Nd4 Bd5 36. Nf5 Rd7 37. Re1 Bxg2 38. Kxg2 Rxd2+ 39. Kg3 Nd3 40. Re7 Rf2
41. Nxg7 Rf7 42. Rxf7 Kxf7 43. Nf5 Nxb2 44. Kf4 Nxa4 45. Nxh6+ Ke6 46. Ke4 Nxc3+
47. Kd4 Nd5 48. Kxc4 Nf6 49. Kb4 Ke5 50. Ka5 Kf4 51. Kxa6 Kg5 52. Ng8 Nxg8 53.
h4+ Kxh4 1/2-1/2

[Event "Airthings Masters - Match Preliminari"]
[Site "Internet"]
[Date "03.02.2023"]
[Round "P1.1"]
[White "Tan, Zhongyi"]
[Black "Sjugirov, Sanan"]
[Result "0-1"]
[WhiteTitle ""]
[BlackTitle ""]
[WhiteElo "2530"]
[BlackElo "2712"]
[WhiteFideId "8603642"]
[BlackFideId "4189302"]
[EventDate "2023.02.03"]
[EventType "k.o."]

1. d4 Nf6 2. c4 e6 3. Nf3 d5 4. Nc3 Nbd7 5. Bf4 dxc4 6. e3 Bd6 7. Bxd6 cxd6 8.
Bxc4 Nb6 9. Bd3 Nbd5 10. O-O Nxc3 11. bxc3 Qc7 12. c4 O-O 13. Rc1 b6 14. Nd2 Bb7
15. f4 Qe7 16. e4 e5 17. fxe5 dxe5 18. d5 Nd7 19. Kh1 Nc5 20. Nb3 Rac8 21. Rc2
f6 22. Nxc5 Rxc5 23. Be2 Qd6 24. Rf3 Bc8 25. Ra3 Rf7 26. Bg4 Bxg4 27. Qxg4 Rfc7
28. h4 Qd7 29. Qxd7 Rxd7 30. Rac3 Kf7 31. Kg1 Rdc7 32. a4 Ke7 33. Kf2 Kd6 34.
Ke2 Ra5 35. Ra2 f5 36. exf5 Rxd5 37. g4 Rd4 38. Rd2 Kc5 39. Rxd4 exd4 40. Rc1
Re7+ 41. Kf3 d3 42. g5 Kd4 43. Kg4 Re4+ 44. Kh5 Rf4 45. Re1 d2 46. Re7 Kc3 47.
Rd7 Rd4 0-1

[Event "Airthings Masters - Match Preliminari"]
[Site "Internet"]
[Date "03.02.2023"]
[Round "P1.1"]
[White "Iniyan, P"]
[Black "Azarov, Sergei"]
[Result "1/2-1/2"]
[WhiteTitle ""]
[BlackTitle ""]
[WhiteElo "2514"]
[BlackElo "2559"]
[WhiteFideId "25002767"]
[BlackFideId "13501470"]
[EventDate "2023.02.03"]
[EventType "k.o."]

1. d4 Nf6 2. c4 e6 3. Nc3 Bb4 4. g3 Bxc3+ 5. bxc3 d6 6. Bg2 O-O 7. Nf3 Nc6 8.
O-O h6 9. Rb1 Rb8 10. Ba3 Na5 11. c5 b6 12. cxd6 cxd6 13. Qd3 Bb7 14. Nd2 Bxg2
15. Kxg2 Qd7 16. f3 Rfc8 17. c4 d5 18. cxd5 Nxd5 19. Rfc1 Rxc1 20. Rxc1 Rc8 21.
Rxc8+ Qxc8 22. Bb2 Nb4 23. Qa3 Nc2 24. Qc3 Qxc3 25. Bxc3 Ne3+ 26. Kg1 Nc6 27.
Nb3 a5 28. a4 f5 29. Bd2 Nc4 30. Bc1 Nb4 31. Nd2 Ne3 32. Nb3 Ned5 33. Bd2 Na2
34. Kf1 Nac3 35. e3 Nxa4 36. Ke2 Nb2 37. e4 fxe4 38. fxe4 Nf6 39. Bc1 Nc4 40.
Kd3 a4 41. Kxc4 axb3 42. e5 Nd5 43. Kxb3 b5 44. g4 g5 45. Bd2 Kf7 46. Bc1 Kg6
47. Bd2 Kf7 48. Bc1 Ke8 49. Bd2 Kd7 50. Bc1 Kc6 51. Ba3 Ne3 52. h3 Ng2 53. Bf8
Nf4 54. Bxh6 Nxh3 55. Kb4 Kd5 56. Kxb5 Kxd4 57. Kc6 Kxe5 58. Bg7+ Kf4 59. Kd6
Kxg4 60. Kxe6 Nf4+ 61. Ke5 Ng6+ 62. Ke4 Kh5 63. Kf3 Nh4+ 64. Kf2 Nf5 65. Be5 Kg4
66. Bf6 Nd6 67. Bxg5 1/2-1/2

[Event "Airthings Masters - Match Preliminari"]
[Site "Internet"]
[Date "03.02.2023"]
[Round "P1.1"]
[White "Demidov, Mikhail"]
[Black "Narayanan, Srinath"]
[Result "1-0"]
[WhiteTitle ""]
[BlackTitle ""]
[WhiteElo "2575"]
[BlackElo "2559"]
[WhiteFideId "4197143"]
[BlackFideId "5018420"]
[EventDate "2023.02.03"]
[EventType "k.o."]

1. Nf3 d5 2. d4 Nf6 3. c4 dxc4 4. e3 e6 5. Bxc4 c5 6. O-O a6 7. b3 Nbd7 8. Bb2
b6 9. Nc3 b5 10. Be2 Bb7 11. Rc1 Be7 12. a4 b4 13. Nb1 O-O 14. Nbd2 cxd4 15.
Nxd4 Nc5 16. Bf3 Nd5 17. Qc2 Rc8 18. Qb1 a5 19. Nc4 Ba6 20. Rfd1 Nxb3 21. Nxb3
Bxc4 22. Rxc4 Rxc4 23. e4 Rc3 24. Nd4 Nf6 25. Nxe6 Qc8 26. Nxf8 Rb3 27. e5 Qxf8
28. Qc2 Rxf3 29. exf6 Rxf6 30. Bxf6 Bxf6 31. Qc4 g6 32. g3 Qe8 33. Qb3 Qc6 34.
Rd5 Qc1+ 35. Kg2 Qc6 36. Qf3 Qa6 37. Rd7 Qe6 38. Qd5 Qb6 39. Qxf7+ 1-0

[Event "Airthings Masters - Match Preliminari"]
[Site "Internet"]
[Date "03.02.2023"]
[Round "P1.1"]
[White "Oparin, Grigoriy"]
[Black "Swiercz, Dariusz"]
[Result "1-0"]
[WhiteTitle ""]
[BlackTitle ""]
[WhiteElo "2667"]
[BlackElo "2646"]
[WhiteFideId "24125890"]
[BlackFideId "1126881"]
[EventDate "2023.02.03"]
[EventType "k.o."]

1. d4 Nf6 2. c4 e6 3. Nf3 d5 4. g3 Be7 5. Bg2 O-O 6. Qc2 c6 7. O-O b6 8. Nbd2 c5
9. b3 Nc6 10. Bb2 Ba6 11. Rad1 Rc8 12. Rfe1 cxd4 13. Nxd4 Nxd4 14. Bxd4 Qc7 15.
Rc1 b5 16. Bxf6 Bxf6 17. c5 b4 18. e4 Bc3 19. exd5 exd5 20. Nf3 Qxc5 21. Ng5 g6
22. Re5 Rfd8 23. Qd1 Bb7 24. Qe2 Qd6 25. Re7 Bf6 26. Rxc8 Bxe7 27. Rxd8+ Qxd8
28. Nf3 Bf6 29. Ne1 Kg7 30. Nd3 Qd6 31. Qf3 a5 32. h4 Ba6 33. Nf4 d4 34. Bf1 Bc8
35. Bc4 h5 36. Nd3 Qe7 37. Kf1 Bb7 38. Bd5 Ba6 39. Kg2 Bc8 40. Bc4 Bf5 41. Bd5
Bg4 42. Qe4 Qxe4+ 43. Bxe4 Be7 44. Nb2 Bd7 45. Nc4 Bd8 46. Kf3 Kf6 47. Ke2 Bb5
48. Kd3 Bb6 49. Bd5 Ke7 50. Ke4 f5+ 51. Kd3 Kf6 52. f4 Ke7 53. Bf3 Kd7 54. Bd5
Kc7 55. Bf3 Kb8 56. Bd5 Ka7 57. Bf7 a4 58. Bxg6 Bc5 59. Bxh5 Bc6 60. Be2 Be4+
61. Kd2 a3 62. Bd3 Kb7 63. h5 Bf8 64. h6 Bxh6 65. Bxe4+ fxe4 66. Nd6+ Kc6 67.
Nxe4 Kd5 68. Kd3 Bf8 69. Nf6+ Ke6 70. Ne4 Kd5 71. g4 Be7 72. f5 Ke5 73. f6 Bf8
74. g5 1-0

[Event "Airthings Masters - Match Preliminari"]
[Site "Internet"]
[Date "03.02.2023"]
[Round "P1.1"]
[White "Drygalov, Sergey"]
[Black "Malakhov, Vladimir"]
[Result "1-0"]
[WhiteTitle ""]
[BlackTitle ""]
[WhiteElo "2547"]
[BlackElo "2650"]
[WhiteFideId "24171743"]
[BlackFideId "4120787"]
[EventDate "2023.02.03"]
[EventType "k.o."]

1. d4 d5 2. c4 e6 3. Nc3 Nf6 4. Nf3 a6 5. cxd5 exd5 6. Bg5 Be6 7. e3 Nbd7 8. Bd3
Bd6 9. Qc2 c6 10. Bf4 Qc7 11. Bxd6 Qxd6 12. O-O O-O 13. h3 Rfe8 14. Na4 Ne4 15.
Nd2 f5 16. Rac1 Bf7 17. f4 Bh5 18. Bxe4 dxe4 19. Nc4 Qe6 20. Nc5 Nxc5 21. dxc5
Bf7 22. Nd6 Re7 23. b3 Qg6 24. Kh2 Bd5 25. Rcd1 Qf6 26. Nc4 Rd8 27. Nb6 g5 28.
fxg5 Qxg5 29. Rf4 Rg7 30. Qf2 Be6 31. Rxd8+ Qxd8 32. Qb2 Qc7 33. Qf6 Rg6 34. Qd4
Qg7 35. Qxg7+ Kxg7 36. Rf2 Kf6 37. g3 Ke5 38. Rd2 Rg8 39. Rd6 Kf6 40. Nc4 Ke7
41. Na5 Bc8 42. Rh6 Rg7 43. h4 Kf8 44. Nc4 Re7 45. Nd6 Be6 46. Rf6+ Kg7 47. Rxf5
Bd5 48. g4 Rd7 49. Ne8+ Kh8 50. Rf8+ Bg8 51. Rxg8+ 1-0

[Event "Airthings Masters - Match Preliminari"]
[Site "Internet"]
[Date "03.02.2023"]
[Round "P1.1"]
[White "Aronian, Levon"]
[Black "Svidler, Peter"]
[Result "0-1"]
[WhiteTitle ""]
[BlackTitle ""]
[WhiteElo "2736"]
[BlackElo "2683"]
[WhiteFideId "13300474"]
[BlackFideId "4102142"]
[EventDate "2023.02.03"]
[EventType "k.o."]

1. e4 c5 2. Nf3 d6 3. d4 cxd4 4. Nxd4 Nf6 5. Nc3 a6 6. Be2 e5 7. Nb3 Be7 8. Be3
Be6 9. O-O O-O 10. Re1 Nbd7 11. a4 Rc8 12. a5 Rxc3 13. bxc3 Nxe4 14. Qd3 f5 15.
f3 Nef6 16. c4 f4 17. Bf2 e4 18. Qd1 e3 19. Bh4 Ne5 20. Nd4 Bc8 21. c3 Nh5 22.
Bxe7 Qxe7 23. Qb3 Qh4 24. Rf1 Rf6 25. c5+ Kh8 26. Qb6 Rh6 27. h3 Rg6 28. g4 Qg3+
29. Kh1 Qxh3+ 30. Kg1 Qg3+ 31. Kh1 Qh4+ 32. Kg2 Nxg4 33. fxg4 Bxg4 34. Rf3 Bh3+ 0-1

[Event "Airthings Masters - Match Preliminari"]
[Site "Internet"]
[Date "03.02.2023"]
[Round "P1.1"]
[White "Ponkratov, Pavel"]
[Black "Le, Tuan Minh"]
[Result "1/2-1/2"]
[WhiteTitle ""]
[BlackTitle ""]
[WhiteElo "2577"]
[BlackElo "2542"]
[WhiteFideId "4157800"]
[BlackFideId "12401153"]
[EventDate "2023.02.03"]
[EventType "k.o."]

1. e4 c5 2. Nf3 Nf6 3. Nc3 d5 4. exd5 Nxd5 5. Bb5+ Bd7 6. Ne5 Nf6 7. Nxd7 Nbxd7
8. d4 cxd4 9. Qxd4 a6 10. Be2 e6 11. O-O Qc7 12. Rd1 Bc5 13. Qh4 Bd6 14. g3 Be5
15. Qb4 Bxc3 16. Qxc3 Qxc3 17. bxc3 O-O-O 18. c4 Ne5 19. Re1 Nc6 20. Rb1 Rd7 21.
Be3 Ne4 22. Rb2 Rhd8 23. Kg2 Nc3 24. Bd3 Ne5 25. Bg5 Nxd3 26. cxd3 f6 27. Bd2
Na4 28. Rb4 Nc5 29. Reb1 Nxd3 30. Rb6 Ne5 31. Bf4 Re8 32. c5 Rc7 33. c6 bxc6 34.
Rxa6 Kd7 35. Bxe5 fxe5 36. Rd1+ Ke7 37. Re1 Kf6 38. Ra3 c5 39. Rf3+ Ke7 40. Rxe5
Ra8 41. a3 c4 42. Rc3 Kd6 43. f4 Rb8 44. Kf3 Rc5 45. Re4 Rbc8 46. Ke3 g6 47. a4
Ke7 48. Kd2 Kf6 49. Ke3 h5 50. a5 Rxa5 51. Rexc4 Rd8 52. Kf3 Ra2 53. Rc2 Ra1 54.
Kg2 Rdd1 55. Rc8 Rg1+ 56. Kh3 Rge1 57. R2c7 Kf5 58. Rf8+ Ke4 59. Rf6 Kf3 60.
Rc3+ Kf2 61. Rc2+ Kf3 62. Rxg6 Ra3 63. Rg5 h4 64. Kxh4 Rb1 65. Rgc5 Rbb3 66. Kg5
Re3 67. Kf6 Kg4 68. Rg5+ Kh3 69. Re5 Reb3 70. Rxe6 Rb8 71. Kg6 Ra5 72. Re5 Rg8+
73. Kf7 Raa8 74. Rh5+ Kg4 75. Rh4+ Kf3 76. f5 Raf8+ 77. Ke6 Re8+ 78. Kd6 Rd8+
79. Ke5 Rge8+ 80. Kf6 Rf8+ 81. Ke7 Rfe8+ 82. Kf6 Rf8+ 83. Kg5 Rg8+ 84. Kf6 Rgf8+ 1/2-1/2

[Event "Airthings Masters - Match Preliminari"]
[Site "Internet"]
[Date "03.02.2023"]
[Round "P1.1"]
[White "Chigaev, Maksim"]
[Black "Matlakov, Maxim"]
[Result "0-1"]
[WhiteTitle ""]
[BlackTitle ""]
[WhiteElo "2632"]
[BlackElo "2662"]
[WhiteFideId "4108116"]
[BlackFideId "4168003"]
[EventDate "2023.02.03"]
[EventType "k.o."]

1. e4 e5 2. Nf3 Nc6 3. Bc4 Nf6 4. d3 Bc5 5. c3 O-O 6. Bg5 Be7 7. Nbd2 Na5 8. Bb5
a6 9. Ba4 b5 10. Bc2 h6 11. Bh4 d6 12. O-O c5 13. Re1 Nc6 14. Nf1 Be6 15. Bxf6
Bxf6 16. Ne3 g6 17. Bb3 Bd7 18. a4 b4 19. Bd5 a5 20. Nd2 Ra7 21. Bc4 Bc8 22. Bb5
Ne7 23. Ndc4 Bg7 24. cxb4 cxb4 25. Rc1 f5 26. Nd2 Kh8 27. Qb3 f4 28. Nd5 Be6 29.
Bc4 Nc6 30. Nxf4 exf4 31. Bxe6 Nd4 32. Qd5 f3 33. Rc8 Qf6 34. Rxf8+ Qxf8 35.
Nxf3 Nxf3+ 36. gxf3 Rc7 37. Kg2 Rc5 38. Qb7 Bxb2 39. Bd5 Rc2 40. h4 Bd4 41. Rf1
h5 42. Qb5 Qd8 43. Bb3 Rc5 44. Qb7 Qxh4 45. Qb8+ Kg7 46. Qg8+ Kh6 47. Bd5 Qg5+
48. Kh3 Qf6 49. Kg2 Rc2 50. Qe6 Qg5+ 51. Kh3 Bxf2 52. Qxd6 Bc5 53. Qg3 Qf6 54.
f4 Re2 55. Qg5+ Qxg5 56. fxg5+ Kxg5 57. Bf7 Bd4 58. Rf3 Kh6 59. Rg3 g5 0-1

[Event "Airthings Masters - Match Preliminari"]
[Site "Internet"]
[Date "03.02.2023"]
[Round "P1.1"]
[White "Theodorou, Nikolas"]
[Black "Ibarra Jerez, Jose Carlos"]
[Result "1/2-1/2"]
[WhiteTitle ""]
[BlackTitle ""]
[WhiteElo "2584"]
[BlackElo "2563"]
[WhiteFideId "4262875"]
[BlackFideId "2226332"]
[EventDate "2023.02.03"]
[EventType "k.o."]

1. d4 Nf6 2. c4 d6 3. Nf3 g6 4. g3 Bf5 5. Bg2 Bg7 6. O-O O-O 7. Nc3 Ne4 8. Nh4
Nxc3 9. bxc3 Bc8 10. Qb3 Nc6 11. a4 Na5 12. Qb4 c5 13. dxc5 dxc5 14. Qa3 Be6 15.
Rb1 b6 16. Bxa8 Nxc4 17. Qa1 Qxa8 18. f3 Rd8 19. Ng2 Qd5 20. Nf4 Qe5 21. Nxe6
Qxe6 22. Qa2 Bxc3 23. Bh6 Bd2 24. Rbd1 Qxe2 25. Kh1 Rd4 26. a5 b5 27. a6 b4 28.
Rde1 Qd3 29. Bxd2 b3 30. Qa4 Nxd2 31. Qe8+ Kg7 32. Rf2 Rd7 33. Rxe7 Rxe7 34.
Qxe7 Qc3 35. Qe1 b2 36. Rxd2 Qxd2 37. Qxd2 b1=Q+ 38. Kg2 Qb6 39. Qc3+ Kg8 40.
Qd3 Qc6 41. g4 c4 42. Qd8+ Kg7 43. Qd4+ Kg8 44. Qxa7 c3 45. Qb7 Qc4 46. Qb8+ Kg7
47. Qe5+ f6 48. Qe7+ Qf7 49. Qxf7+ Kxf7 50. a7 c2 51. a8=Q c1=Q 52. Qb7+ Kg8 1/2-1/2

[Event "Airthings Masters - Match Preliminari"]
[Site "Internet"]
[Date "03.02.2023"]
[Round "P1.1"]
[White "Dominguez Perez, Leinier"]
[Black "Dreev, Aleksey"]
[Result "1/2-1/2"]
[WhiteTitle ""]
[BlackTitle ""]
[WhiteElo "2743"]
[BlackElo "2606"]
[WhiteFideId "3503240"]
[BlackFideId "4100107"]
[EventDate "2023.02.03"]
[EventType "k.o."]

1. e4 c6 2. d4 d5 3. e5 c5 4. dxc5 e6 5. Bd3 Nd7 6. Nf3 Nxc5 7. O-O Bd7 8. c4
Nxd3 9. Qxd3 Bc6 10. Nc3 Ne7 11. Rd1 Qa5 12. Bg5 dxc4 13. Qxc4 Nf5 14. Nd4 Nxd4
15. Qxd4 Bc5 16. Qg4 Qb4 17. Qxb4 Bxb4 18. Rac1 1/2-1/2

[Event "Airthings Masters - Match Preliminari"]
[Site "Internet"]
[Date "03.02.2023"]
[Round "P1.1"]
[White "Pranav, V"]
[Black "Alekseenko, Kirill"]
[Result "1-0"]
[WhiteTitle ""]
[BlackTitle ""]
[WhiteElo "2545"]
[BlackElo "2686"]
[WhiteFideId "25060783"]
[BlackFideId "4135539"]
[EventDate "2023.02.03"]
[EventType "k.o."]

1. e4 e5 2. Nf3 Nc6 3. Bb5 a6 4. Ba4 Nf6 5. O-O d6 6. Re1 Bd7 7. Bxc6 Bxc6 8.
Nc3 Be7 9. d4 exd4 10. Nxd4 Bd7 11. h3 O-O 12. Bf4 b5 13. Qf3 b4 14. Nce2 c5 15.
Nf5 Bxf5 16. exf5 Re8 17. g4 d5 18. Ng3 d4 19. g5 Nd5 20. Bd2 Qd7 21. Re4 Bf8
22. Rae1 Rxe4 23. Rxe4 Rd8 24. Rh4 g6 25. f6 Re8 26. Re4 Rxe4 27. Qxe4 Nc7 28.
Qb7 Qd8 29. b3 h5 30. gxh6 Kh7 31. Bf4 Bd6 32. Bg5 Bxg3 33. fxg3 d3 34. cxd3
Qd4+ 35. Kh2 Qb2+ 36. Qg2 Qd4 37. Qe2 Ne6 38. h4 a5 39. Qf3 Qe5 40. Be3 Qb2+ 41.
Kh3 Qe5 42. Bf2 Qd6 43. Qb7 Nd8 44. Qe7 Qd5 45. Kh2 Qf3 46. Bxc5 Qxd3 47. Bf2
Qf3 48. Bg1 Qd5 49. Qf8 Qd2+ 50. Kh3 Qd7+ 51. Kg2 Ne6 52. Qe7 Qd5+ 53. Kh2 Nd4
54. Bxd4 Qxd4 55. Qxf7+ Kxh6 56. Qg7+ Kh5 57. Qh7+ Kg4 58. Qxg6+ Kf3 59. Qf5+
Ke2 60. f7 1-0

[Event "Airthings Masters - Match Preliminari"]
[Site "Internet"]
[Date "03.02.2023"]
[Round "P1.1"]
[White "Maghsoodloo, Parham"]
[Black "Kovalev, Vladislav"]
[Result "1-0"]
[WhiteTitle ""]
[BlackTitle ""]
[WhiteElo "2728"]
[BlackElo "2623"]
[WhiteFideId "12539929"]
[BlackFideId "13504398"]
[EventDate "2023.02.03"]
[EventType "k.o."]

1. e4 e5 2. Nf3 Nc6 3. Bc4 Bc5 4. O-O Nf6 5. d3 d6 6. c3 a6 7. a4 h6 8. Re1 Ba7
9. Nbd2 O-O 10. Nf1 Ne7 11. Ng3 Ng6 12. h3 c6 13. Bb3 Re8 14. d4 Be6 15. Bc2 c5
16. d5 Bd7 17. a5 c4 18. Be3 Bxe3 19. Rxe3 Rc8 20. Ba4 Nf4 21. Nd2 Bb5 22. Nf5
Kh7 23. Bxb5 axb5 24. a6 g6 25. axb7 Rb8 26. Ng3 Rxb7 27. b3 cxb3 28. Nxb3 Qc7
29. Na5 Ra7 30. Nc6 Rxa1 31. Qxa1 Nd7 32. Qd1 Nc5 33. h4 Ra8 34. Ne2 Qd7 35.
Nxf4 exf4 36. Re1 h5 37. e5 dxe5 38. Nxe5 Qf5 39. d6 Rd8 40. Qd5 Ne6 41. Qc6 Kg7
42. Qb6 Qc2 43. Nxf7 Kxf7 44. Qb7+ Kg8 45. Rxe6 Qc1+ 46. Kh2 f3 47. Rxg6+ 1-0